Normal view
MARC view
- Hargrave, Basil
Entry Personal Name
001 - CONTROL NUMBER
- control field: 110237
003 - CONTROL NUMBER IDENTIFIER
- control field: NUST
005 - DATE AND TIME OF LATEST TRANSACTION
- control field: 20230314105323.0
008 - FIXED-LENGTH DATA ELEMENTS
- fixed length control field: 230314|| aca||aabn | a|a d
040 ## - CATALOGING SOURCE
- Original cataloging agency: NUST
- Transcribing agency: NUST
100 ## - HEADING--PERSONAL NAME
- Personal name: Hargrave, Basil
670 ## - SOURCE DATA FOUND
- Source citation: Work cat.: (NUST)185302: Hargrave, Basil , Origins and Meanings of Popular Phrases and Names :, 1929
